Statistics for Largest bus termini in Hong Kong 香港大型巴士總站

Click here to take the quiz!

General Stats

  • This quiz has been taken 161 times
    (138 since last reset)
  • The average score is 11 of 35

Answer Stats

Number of routesAnswerRegion% Correct
9Star Ferry 尖沙咀碼頭Kln
72%
27Airport (GTC) 機場(地面運輸中心)NT
71%
13Siu Sai Wan (Island Resort) 小西灣(藍灣半島)HKI
61%
12Sheung Shui 上水NT
57%
9Mei Foo 美孚Kln
56%
10Kwun Tong Ferry 觀塘碼頭Kln
50%
10Central (Exchange Square) 中環(交易廣場)HKI
48%
13Jordan (West Kowloon Station) 佐敦(西九龍站)Kln
44%
10Wan Chai North 灣仔北HKI
43%
8Central (Macau Ferry) 中環(港澳碼頭)HKI
42%
8Shau Kei Wan 筲箕灣HKI
40%
13Tsuen Wan West Station 荃灣西站NT
40%
7Hung Hom Station 紅磡站Kln
39%
7Lam Tin Station 藍田站Kln
34%
9North Point Ferry Pier 北角碼頭HKI
34%
12Kowloon City Ferry 九龍城碼頭Kln
33%
6Tsuen Wan Station 荃灣站NT
33%
8Kwai Fong Station 葵芳站NT
32%
6South Horizons 海怡半島HKI
31%
8Causeway Bay (Moreton Terrace) 銅鑼灣(摩頓台)HKI
28%
6Kowloon Station 九龍站Kln
27%
6Tai Po Market Station 大埔墟站NT
26%
8Tsim Sha Tsui (Mody Road) 尖沙咀(麼地道)Kln
26%
7Tsim Sha Tsui East 尖沙咀東Kln
24%
6Tsuen Wan (Nina Tower) 荃灣(如心廣場)NT
24%
7Central Ferry Piers 中環碼頭HKI
22%
6Tsing Yi Station 青衣站NT
20%
6Mong Kok (Park Avenue) 旺角(柏景灣)Kln
17%
6AsiaWorld Expo 機場博覽館NT
14%
6Stanley Village 赤柱村HKI
13%
6Hung Hom (Hung Luen Road) 紅磡(紅鸞道)Kln
7%
6Yat Tung Estate 逸東邨NT
3%
6Nina Tower 如心廣場NT
0%
6Shenzhen Bay Port深圳灣口岸*
0%
6So Uk 蘇屋Kln
0%

Score Distribution

Percentile by Number Answered

Percent of People with Each Score

Your Score History

You have not taken this quiz since the last reset